000
00276nam a2200121Ia 4500
005
20260328104259.0
008
260328s9999||||xx |||||||||||||| ||und||
100
_a
Vestre
245
0
_a
City Scenes /
_c
Vestre
260
_b
Vestre
650
_a
DISEÑO INDUSTRIAL
942
_c
BK
999
_c
10551
_d
10551